00328 2200145 4500001002100000005001500021035002000036245003500056100001800091300001100109260002800120082000800148084001400156990001200170INLIS00000000000201720250527085002 a0010-05250003091 aDongeng Cinta /cKahlil Gibran0 aKahlil Gibran a82 hlm aJakarta :bDiwan,c2004 a813 a813 KAH d a0712977